Denis Villeneuve Movies - Statistics

General Stats
  • This quiz has been taken 88 times
  • The average score is 6 of 11
Answer Stats
Release Year Answer % Correct
2021 Dune
96%
2016 Arrival
78%
2013 Prisoners
75%
2017 Blade Runner 2049
73%
2010 Incendies
65%
2024 Dune: Part Two
64%
2015 Sicario
64%
2013 Enemy
47%
2009 Polytechnique
33%
2000 Maelström
19%
1998 August 32nd on Earth
17%
No matching quizzes found
Score Distribution
Percent of People with Each Score
Percentile by Number Answered
Your Score History
You have not taken this quiz